Architect : (Record no. 14515)
[ view plain ]
| 000 -LEADER | |
|---|---|
| fixed length control field | 00560nam a2200181Ia 4500 |
| 003 - CONTROL NUMBER IDENTIFIER | |
| control field | OSt |
| 005 - DATE AND TIME OF LATEST TRANSACTION | |
| control field | 20231122105753.0 |
| 008 - FIXED-LENGTH DATA ELEMENTS--GENERAL INFORMATION | |
| fixed length control field | 230312s9999||||xx |||||||||||||| ||und|| |
| 020 ## - INTERNATIONAL STANDARD BOOK NUMBER | |
| International Standard Book Number | 9780316505055 |
| 040 ## - CATALOGING SOURCE | |
| Transcribing agency | abc |
| 082 ## - DEWEY DECIMAL CLASSIFICATION NUMBER | |
| Classification number | 720.922 |
| Item number | ROS-A |
| 100 ## - MAIN ENTRY--PERSONAL NAME | |
| Personal name | Rossi:aldo |
| 245 #0 - TITLE STATEMENT | |
| Title | Architect : |
| Remainder of title | The Pritzker price laureates in their own words, |
| Statement of responsibility, etc. | Peltason, Ruth A.; Peltason, Ruth A.; Ong-Yan, Grace; Thorne, Martha |
| 260 ## - PUBLICATION, DISTRIBUTION, ETC. | |
| Place of publication, distribution, etc. | China |
| Name of publisher, distributor, etc. | Black dog & Leventhal Publishers |
| Date of publication, distribution, etc. | 2017 |
| 500 ## - GENERAL NOTE | |
| General note | Illustration Given. |
| 650 ## - SUBJECT ADDED ENTRY--TOPICAL TERM | |
| Topical term or geographic name entry element | Architecture |
| 942 ## - ADDED ENTRY ELEMENTS (KOHA) | |
| Koha item type | BOOK |
| Source of classification or shelving scheme | Dewey Decimal Classification |
| Withdrawn status | Lost status | Source of classification or shelving scheme | Damaged status | Not for loan | Collection | Home library | Current library | Date acquired | Total Checkouts | Full call number | Barcode | Date last seen | Date last checked out | Price effective from | Koha item type |
|---|---|---|---|---|---|---|---|---|---|---|---|---|---|---|---|
| Dewey Decimal Classification | Architecture | Superior Information Resource Center (SIRC) Superior University- Main Campus | Superior Information Resource Center (SIRC) Superior University- Main Campus | 03/13/2023 | 1 | 720.922 ROS-A 2017 | 14650 | 11/21/2023 | 09/05/2023 | 03/13/2023 | BOOK |
